000 00624nam a22002057a 4500
003 UA-OsUOA
001 134644
007 ta
008 20181207b un ||||| |||| 00| 0 ukr d
090 _a81
_bS-78
942 _cMG
040 _aUA-OsUOA
_beng
_cUA-OsUOA
_dUA-OsUOA
245 _aSlavic Review (Колекція Полковського В.)
_cYfrold H. Fisher
955 _a1
041 _aeng
080 _a81
246 3 1 _aAmerican Quarterly of Social and East European Studies
_n
044 _aUS
650 7 _a8 Мовознавство. Художня література. Літературознавство
_2UDC
999 _c423572
_d423572